Schnelles Mathe - Quiz nur ein kurzes - Quiz 20 - Statistiken

Allgemein
  • Dieses Quiz wurde 33 mal gespielt
  • Das Durchschnittsergebnis liegt bei 14 aus 15
Antwortstatistiken
X 5 Antwort % Korrekt
25 125
100%
7 35
100%
11 55
100%
17 85
100%
41 205
100%
26 130
97%
34 170
97%
37 185
97%
39 195
97%
54 270
97%
49 245
94%
63 315
94%
67 335
94%
69 345
91%
73 365
91%
Keine übereinstimmenden Quizze gefunden
Verteilung der Resultate
Anzahl Personen mit jedem Resultat
Perzentil nach korrekt beantworteten Fragen
Ihre Resultats-Entwicklung
Sie haben dieses Quiz noch nicht gespielt